|
|
|
|
| LEADER |
00000nam0a2200000 4500 |
| 001 |
141060 |
| 005 |
20231101220906.0 |
| 010 |
|
|
|a 9785922803427
|b 120 экз.
|
| 021 |
|
|
|a RU
|b 08-84901
|9 08-4958
|
| 035 |
|
|
|a (RuTPU)RU\TPU\book\152851
|
| 090 |
|
|
|a 141060
|
| 100 |
|
|
|a 20081119d2008 k y0rusy5002 ca
|
| 101 |
0 |
|
|a rus
|
| 102 |
|
|
|a RU
|
| 105 |
|
|
|a y z 001zy
|
| 200 |
1 |
|
|a Управление водными ресурсами России: международно-правовые и законодательные механизмы
|e монография
|f Московский государственный институт международных отношений (МГИМО-Университет), Кафедра международного права ; под ред. А. Н. Вылегжанина
|
| 210 |
|
|
|a Москва
|c МГИМО-ун-т
|d 2008
|
| 215 |
|
|
|a 200 с.
|
| 320 |
|
|
|a Библиогр.: с. 172-178.
|
| 330 |
|
|
|a Реки, озера, иные пресные водоемы становятся объектом все большего числа международных договоров, а реальные проявления «водного» голода на планете подталкивают к созданию новых международных механизмов управления водными ресурсами. Предлагаемое исследование, с учетом этих современных тенденций, нацелено на их научную оценку и адекватное отражение в образовательном процессе в МГИМО(У). Книга рассчитана на преподавателей, студентов, слушателей и аспирантов МГИМО(У). Она может также быть использована в учебном процессе в системе профессиональной переподготовки и повышения квалификации кадров органов государственной власти и местного самоуправления.
|
| 606 |
0 |
|
|a Водное законодательство Российской Федерации
|2 RuMRKP
|
| 606 |
0 |
|
|a Водное право международное
|2 RuMRKP
|
| 606 |
1 |
|
|a Экологическое право
|2 stltpush
|3 (RuTPU)RU\TPU\subj\26534
|9 50439
|
| 610 |
1 |
|
|a право
|
| 610 |
1 |
|
|a земельное право
|
| 610 |
1 |
|
|a Водное право
|
| 610 |
1 |
|
|a водные ресурсы
|
| 610 |
1 |
|
|a Россия
|
| 610 |
1 |
|
|a международное право
|
| 610 |
1 |
|
|a Российская Федерация
|
| 610 |
1 |
|
|a международные договоры
|
| 610 |
1 |
|
|a кодификация
|
| 610 |
1 |
|
|a правовая ответственность
|
| 610 |
1 |
|
|a загрязнение
|
| 610 |
1 |
|
|a экология
|
| 610 |
1 |
|
|a бассейновое управление
|
| 686 |
|
|
|a Х625
|v LBC/SL-A
|2 rubbk
|
| 686 |
|
|
|a Х916
|v LBC/SL-A
|2 rubbk
|
| 702 |
|
1 |
|a Вылегжанин
|b А. Н.
|4 340
|
| 712 |
0 |
2 |
|a Московский государственный институт международных отношений (МГИМО-Университет)
|b Кафедра международного права
|2 stltpush
|3 (RuTPU)RU\TPU\col\364
|
| 801 |
|
1 |
|a RU
|b 63413507
|c 20080723
|g PSBO
|
| 801 |
|
2 |
|a RU
|b 63413507
|c 20230314
|g PSBO
|
| 900 |
|
|
|a Управление водными ресурсами
|
| 900 |
|
|
|a Водное законодательство
|
| 900 |
|
|
|a Водное право
|
| 900 |
|
|
|a Экологическое, водное и земельное право
|
| 942 |
|
|
|c BK
|
| 959 |
|
|
|a 74/20080722
|d 2
|e 450,00
|f АНЛ:1
|f ЧЗТЛ:1
|